000
00292nam a2200121Ia 4500
008
150731s2013 xx 000 0 und d
082
_a
615.538
_b
A 13 S
100
_a
SHARMA,TARACHAND
245
_a
AYURVEDEY PADARTH-DARSHAN
260
_b
NATH PUB.
_c
2013
300
_a
484
942
_2
ddc
_c
BK
_0
4
999
_c
7770
_d
7770